[Event "Moscow op-B (Women)"]
[Site "Moscow"]
[Date "2015.02.07"]
[Round "8"]
[White "Kochukova, Anna"]
[Black "Litvinenko, Ekaterina"]
[Result "1-0"]
[WhiteElo "2107"]
[BlackElo "1976"]
[PlyCount "67"]
[EventDate "2015.01.31"]
[EventType "swiss"]
[EventRounds "9"]
[EventCountry "RUS"]
[SourceTitle "CBM 164 Extra"]
[Source "ChessBase"]
[SourceDate "2015.03.02"]
[SourceVersion "1"]
[SourceVersionDate "2015.03.02"]
[SourceQuality "1"]

1. e4 e5 2. Nf3 Nc6 3. Bb5 a6 4. Ba4 Nf6 5. d3 b5 6. Bb3 Be7 7. 0-0 0-0 8. Re1 d6 9. c3 Na5 10. Bc2 c5 11. Nbd2 Nc6 12. Nf1 h6 13. Ng3 Re8 14. h3 Bf8 15. d4 cxd4 16. cxd4 Qc7 17. Be3 Bb7 18. Rc1 Qd7 19. Bb1 Rad8 20. Re2 d5 21. Nxe5 Nxe5 22. dxe5 Nxe4 23. Bd4 Rc8 24. Nh5 Rxc1 25. Qxc1 g6 26. Rxe4 gxh5 27. Re3 Bg7 28. Qc2 Qe6 29. Qh7+ Kf8 30. Bc5+ Re7 31. Bf5 Qc6 32. Bxe7+ Kxe7 33. Qxg7 d4 34. Re1 1-0

[Event "Moscow op-B (Women)"]
[Site "Moscow"]
[Date "2015.02.05"]
[Round "6"]
[White "Ochneva, Inga"]
[Black "Litvinenko, Ekaterina"]
[Result "0-1"]
[WhiteElo "1850"]
[BlackElo "1976"]
[PlyCount "84"]
[EventDate "2015.01.31"]
[EventType "swiss"]
[EventRounds "9"]
[EventCountry "RUS"]
[SourceTitle "CBM 164 Extra"]
[Source "ChessBase"]
[SourceDate "2015.03.02"]
[SourceVersion "1"]
[SourceVersionDate "2015.03.02"]
[SourceQuality "1"]

1. e4 e5 2. Nf3 Nc6 3. Bb5 a6 4. Ba4 Nf6 5. Qe2 b5 6. Bb3 Be7 7. c3 0-0 8. 0-0 d5 9. exd5 Nxd5 10. Nxe5 Nxe5 11. Qxe5 Nf6 12. d4 Bd6 13. Qg5 Re8 14. f3 Re2 15. Bd1 Re8 16. Qh4 h6 17. Nd2 Bf5 18. Qf2 Qe7 19. Bb3 Bd3 20. Rd1 c5 21. Nf1 Bxf1 22. Rxf1 Qc7 23. g3 a5 24. Kg2 Re7 25. Bd2 a4 26. Bd1 Rae8 27. Re1 Rxe1 28. Bxe1 h5 29. h4 Qc6 30. Kh2 b4 31. Bd2 Qb5 32. cxb4 cxb4 33. Rc1 Qd3 34. Kh3 Bxg3 35. Bc2 Qxc2 36. Kxg3 Qd3 37. Kh3 Re2 38. Qf1 Rxd2 39. Qxd3 Rxd3 40. Rc4 Nd5 41. Kg3 Rd2 42. a3 Rxb2 0-1

[Event "Moscow op-B (Women)"]
[Site "Moscow"]
[Date "2015.01.31"]
[Round "1"]
[White "Litvinenko, Ekaterina"]
[Black "Charochkina, Daria"]
[Result "0-1"]
[WhiteElo "1976"]
[BlackElo "2370"]
[PlyCount "92"]
[EventDate "2015.01.31"]
[EventType "swiss"]
[EventRounds "9"]
[EventCountry "RUS"]
[SourceTitle "CBM 164 Extra"]
[Source "ChessBase"]
[SourceDate "2015.03.02"]
[SourceVersion "1"]
[SourceVersionDate "2015.03.02"]
[SourceQuality "1"]

1. e4 c5 2. Nf3 d6 3. Bc4 Nf6 4. Qe2 Nc6 5. c3 Bg4 6. 0-0 e6 7. d3 Qd7 8. Bb3 0-0-0 9. Nbd2 Be7 10. Ba4 Qc7 11. b4 Nh5 12. h3 Nf4 13. Qe3 Bxf3 14. Qxf3 g5 15. Bxc6 Qxc6 16. Nc4 cxb4 17. cxb4 Ng6 18. Be3 Kb8 19. Rfc1 d5 20. b5 Qd7 21. Na5 Ne5 22. Qg3 Bd6 23. Bc5 Bc7 24. Bd4 Nc4 25. Qf3 Nxa5 26. Bxh8 Rxh8 27. Rab1 Bf4 28. Rc2 dxe4 29. dxe4 Rd8 30. g3 Be5 31. Rcc1 Bd4 32. Qh5 f6 33. a4 Rc8 34. Rxc8+ Qxc8 35. Qxh7 Bxf2+ 36. Kg2 Bd4 37. Rf1 Nc4 38. Kh1 Ne3 39. Re1 Qc2 40. Qg8+ Kc7 41. Qf7+ Kb6 42. Qxe6+ Ka5 43. Rg1 Qf2 44. Qd7 Qf3+ 45. Kh2 Nf1+ 46. Rxf1 Qe2+ 0-1

[Event "Satka Autumn op (Women)"]
[Site "Satka"]
[Date "2014.09.28"]
[Round "8"]
[White "Nosacheva, Mariya"]
[Black "Litvinenko, Ekaterina"]
[Result "1-0"]
[WhiteElo "1863"]
[BlackElo "1920"]
[PlyCount "95"]
[EventDate "2014.09.21"]
[EventType "swiss"]
[EventRounds "9"]
[EventCountry "RUS"]
[SourceTitle "CBM 162 Extra"]
[Source "ChessBase"]
[SourceDate "2014.10.17"]
[SourceVersion "1"]
[SourceVersionDate "2014.10.17"]
[SourceQuality "1"]

1. e4 e5 2. Nf3 Nc6 3. d4 exd4 4. Bc4 Nf6 5. e5 d5 6. Bb5 Ne4 7. Nxd4 Bd7 8. Bxc6 bxc6 9. 0-0 Bc5 10. c3 Bb6 11. f3 Ng5 12. f4 Ne4 13. f5 c5 14. Nc2 Bb5 15. Rf4 g5 16. fxg6 hxg6 17. a4 g5 18. Rf6 Bd3 19. a5 Qe7 20. Rf5 g4 21. Ne3 g3 22. h3 Nf2 23. Qf3 Rxh3 24. gxh3 Nxh3+ 25. Kg2 Be4 26. axb6 Bxf3+ 27. Rxf3 Qh4 28. Nf5 Nf4+ 29. Rxf4 Qh2+ 30. Kf3 g2 31. Rg4 Qh3+ 32. Rg3 Qxg3+ 33. Nxg3 g1Q 34. b7 Rb8 35. Rxa7 Kd7 36. Ne2 Qf1+ 37. Ke3 d4+ 38. cxd4 cxd4+ 39. Nxd4 Qxc1+ 40. Nd2 Qxb2 41. Ne4 Qc1+ 42. Kd3 c5 43. Nf6+ Kd8 44. Nc6+ Kc7 45. Nxb8 c4+ 46. Ke2 Kxb8 47. Nd7+ Kxa7 48. b8Q+ 1-0

[Event "RUS-chT U20"]
[Site "Kolomna"]
[Date "2014.08.05"]
[Round "4"]
[White "Litvinenko, Ekaterina"]
[Black "Fokina, Elina"]
[Result "1-0"]
[WhiteElo "1978"]
[BlackElo "1507"]
[PlyCount "63"]
[EventDate "2014.08.02"]
[EventType "swiss"]
[EventRounds "9"]
[EventCountry "RUS"]
[SourceTitle "EXT 2016"]
[Source "ChessBase"]
[SourceDate "2015.10.08"]
[SourceVersion "1"]
[SourceVersionDate "2015.10.08"]
[SourceQuality "1"]

1. e4 e5 2. Nf3 Nc6 3. Bc4 Nf6 4. d3 d5 5. exd5 Nxd5 6. 0-0 Bg4 7. Re1 Qd6 8. h3 Bh5 9. Bb5 0-0-0 10. Bxc6 Bxf3 11. Bxb7+ Kxb7 12. Qxf3 Kb8 13. Nc3 f6 14. a4 Qc6 15. Nxd5 Qxd5 16. Qxd5 Rxd5 17. Be3 Be7 18. b4 Ka8 19. b5 Bb4 20. Reb1 Bc3 21. Ra3 Ba5 22. Kf1 Kb7 23. Ke2 Bb6 24. Bxb6 axb6 25. a5 bxa5 26. Rxa5 Kb6 27. Ra6+ Kb7 28. c4 Rd4 29. Rba1 Rhd8 30. c5 c6 31. Ra7+ Kb8 32. Ra8+ 1-0

[Event "EU-ch (Women) 15th"]
[Site "Plovdiv"]
[Date "2014.07.10"]
[Round "5"]
[White "Krasteva, Beloslava"]
[Black "Litvinenko, Ekaterina"]
[Result "0-1"]
[WhiteElo "1361"]
[BlackElo "1978"]
[PlyCount "76"]
[EventDate "2014.07.06"]
[EventType "swiss"]
[EventRounds "11"]
[EventCountry "BUL"]
[SourceTitle "CBM 162"]
[Source "ChessBase"]
[SourceDate "2014.09.17"]
[SourceVersion "1"]
[SourceVersionDate "2014.09.17"]
[SourceQuality "1"]

1. e4 e5 2. Nf3 Nc6 3. Bc4 Nf6 4. d3 Be7 5. c3 0-0 6. b4 a6 7. a4 d5 8. exd5 Nxd5 9. Qb3 Nb6 10. Nbd2 Nxc4 11. dxc4 Bf5 12. 0-0 e4 13. Ne1 Bg5 14. Qb2 Bg6 15. f4 exf3 16. Ndxf3 Bf6 17. Nc2 Qd3 18. Ncd4 Nxd4 19. Nxd4 Qxc4 20. Rxf6 gxf6 21. Bh6 Rfd8 22. Rf1 Rd6 23. Qd2 Qd3 24. Qf4 Qxc3 25. Nf5 Bxf5 26. Qxf5 Qd4+ 27. Kh1 Qd3 28. Qg4+ Qg6 29. Qxg6+ fxg6 30. Bf4 Rd4 31. Bxc7 Rxb4 32. a5 Rc8 33. Bb6 Rbc4 34. g3 Rc1 35. Rxc1 Rxc1+ 36. Kg2 Kf7 37. Kf3 Ke6 38. Ke4 f5+ 0-1

[Event "Satka Autumn op (Women)"]
[Site "Satka"]
[Date "2013.09.08"]
[Round "6"]
[White "Nebolsina, Vera"]
[Black "Litvinenko, Ekaterina"]
[Result "1-0"]
[WhiteElo "2267"]
[BlackElo "1945"]
[PlyCount "97"]
[EventDate "2013.09.03"]
[EventType "swiss"]
[EventRounds "9"]
[EventCountry "RUS"]
[SourceTitle "CBM 156 Extra"]
[Source "ChessBase"]
[SourceDate "2013.10.22"]
[SourceVersion "1"]
[SourceVersionDate "2013.10.22"]
[SourceQuality "1"]

1. d4 Nf6 2. Nf3 d6 3. c4 Nbd7 4. Nc3 e5 5. e4 Be7 6. Be2 c6 7. 0-0 0-0 8. Rb1 Re8 9. b4 Bf8 10. dxe5 dxe5 11. c5 Qc7 12. Qb3 b5 13. cxb6 Nxb6 14. Bg5 Be6 15. Qc2 Nh5 16. Rfc1 Nf4 17. Bxf4 exf4 18. Nb5 Qb7 19. Nbd4 Rac8 20. Nxe6 Rxe6 21. Nd4 Rg6 22. Nf5 c5 23. b5 Nd7 24. Bc4 Ne5 25. Bd5 Qb6 26. Kh1 Rf6 27. Qc3 Qc7 28. f3 Rd8 29. Nd4 Rb6 30. Ne2 Rf6 31. a4 Bd6 32. Nd4 Nd7 33. Nc6 Re8 34. a5 Be5 35. Qb3 Nb8 36. Rxc5 Nxc6 37. Bxc6 Bd4 38. Rd5 Rd8 39. b6 axb6 40. axb6 Qb8 41. Rxd8+ Qxd8 42. b7 Qb8 43. Qa4 Be5 44. Qb5 Bd4 45. Rd1 Rd6 46. Bd5 Ba7 47. Ra1 Rd8 48. Qa5 Bd4 49. Qxd8+ 1-0

[Event "Satka Autumn op (Women)"]
[Site "Satka"]
[Date "2013.09.05"]
[Round "3"]
[White "Litvinenko, Ekaterina"]
[Black "Makarenko, Alexandra"]
[Result "0-1"]
[WhiteElo "1945"]
[BlackElo "2103"]
[PlyCount "106"]
[EventDate "2013.09.03"]
[EventType "swiss"]
[EventRounds "9"]
[EventCountry "RUS"]
[SourceTitle "CBM 156 Extra"]
[Source "ChessBase"]
[SourceDate "2013.10.22"]
[SourceVersion "1"]
[SourceVersionDate "2013.10.22"]
[SourceQuality "1"]

1. e4 e5 2. Nf3 Nc6 3. Bb5 Nd4 4. Nxd4 exd4 5. 0-0 Bc5 6. c3 c6 7. Bc4 d5 8. exd5 cxd5 9. Bb5+ Kf8 10. d3 Qh4 11. Qf3 Nf6 12. cxd4 Bd6 13. g3 Qxd4 14. Nc3 Bg4 15. Qg2 Qc5 16. d4 Qc8 17. Re1 Qf5 18. Be2 Re8 19. Be3 Bxe2 20. Rxe2 g5 21. Rae1 Bb4 22. a3 Bxc3 23. bxc3 Kg7 24. f3 h6 25. g4 Qd3 26. Bd2 Rxe2 27. Qxe2 Qxe2 28. Rxe2 Re8 29. Be3 Re6 30. Kf2 b5 31. Rb2 Rb6 32. Ke2 Ne8 33. Bf2 Nd6 34. Bg3 Nc4 35. Rb3 a5 36. Bc7 Rb7 37. Bg3 a4 38. Rb4 Nxa3 39. Bd6 Nc4 40. Bc5 Rb8 41. Kd3 h5 42. h3 h4 43. Rb1 Re8 44. Rxb5 Re3+ 45. Kc2 Rxf3 46. Be7 Rxh3 47. Rb8 Rh2+ 48. Kb1 Rh1+ 49. Ka2 Rh2+ 50. Kb1 Nd2+ 51. Kc1 Ne4 52. c4 Ra2 53. cxd5 h3 0-1

[Event "Cheliabinsk Kibizov Memorial 8th"]
[Site "Cheliabinsk"]
[Date "2013.06.27"]
[Round "6"]
[White "Galyamov, Danil"]
[Black "Litvinenko, Ekaterina"]
[Result "0-1"]
[WhiteElo "1801"]
[BlackElo "1933"]
[PlyCount "86"]
[EventDate "2013.06.22"]
[EventType "swiss"]
[EventRounds "9"]
[EventCountry "RUS"]
[SourceTitle "EXT 2014"]
[Source "ChessBase"]
[SourceDate "2013.11.20"]
[SourceVersion "1"]
[SourceVersionDate "2013.11.20"]
[SourceQuality "1"]

1. e4 e5 2. Nf3 Nc6 3. Bb5 Bc5 4. 0-0 Nd4 5. Nxd4 Bxd4 6. c3 Bb6 7. d4 c6 8. Ba4 d6 9. dxe5 dxe5 10. Qh5 Qf6 11. Bg5 Qg6 12. Qxg6 hxg6 13. Re1 Nf6 14. Bxf6 gxf6 15. Bb3 0-0 16. Nd2 Bc7 17. Rad1 Re8 18. Nc4 a5 19. Nd6 Bxd6 20. Rxd6 Kg7 21. a4 f5 22. exf5 Bxf5 23. f3 g5 24. h3 Re7 25. Kf2 Bg6 26. Red1 Rb8 27. Rd8 Re8 28. Rxe8 Rxe8 29. Rd7 Rb8 30. Ke3 b5 31. Ra7 bxa4 32. Bxa4 Rxb2 33. Rxa5 Ra2 34. Ra6 c5 35. g4 c4 36. Bb5 Rc2 37. Rc6 Rxc3+ 38. Kf2 Rc2+ 39. Kg3 c3 40. h4 gxh4+ 41. Kxh4 Rc1 42. Kg3 c2 43. Kf2 Rb1 0-1

[Event "Cheliabinsk-ch sf"]
[Site "Cheliabinsk"]
[Date "2012.12.17"]
[Round "3"]
[White "Litvinenko, Ekaterina"]
[Black "Kazantsev, Nikita"]
[Result "1-0"]
[WhiteElo "1946"]
[BlackElo "1839"]
[PlyCount "99"]
[EventDate "2012.12.13"]
[EventType "swiss"]
[EventRounds "9"]
[EventCountry "RUS"]
[SourceTitle "EXT 2022"]
[Source "ChessBase"]
[SourceDate "2021.10.06"]
[SourceVersion "1"]
[SourceVersionDate "2021.10.06"]
[SourceQuality "1"]

1. e4 e5 2. Nf3 Nc6 3. Bb5 a6 4. Ba4 Nf6 5. 0-0 Be7 6. Re1 b5 7. Bb3 d6 8. h3 0-0 9. c3 Nb8 10. d4 Nbd7 11. Nbd2 Bb7 12. Bc2 Re8 13. Nf1 Bf8 14. Ng3 g6 15. b3 Bg7 16. d5 Nb6 17. Rb1 c6 18. c4 Rc8 19. Be3 cxd5 20. cxd5 Nbxd5 21. exd5 Nxd5 22. Bd2 f5 23. Nxf5 gxf5 24. Bxf5 Nc3 25. Bxc3 Rxc3 26. Qd2 e4 27. Ng5 e3 28. Bxh7+ Kf8 29. fxe3 Qxg5 30. Qxd6+ Kf7 31. Rf1+ Bf6 32. Rxf6+ Qxf6 33. Rf1 Qxf1+ 34. Kxf1 Rc6 35. Bg6+ Kg8 36. Qg3 Rf8+ 37. Ke2 Kh8 38. Qh4+ Kg7 39. Qe7+ Kxg6 40. Qxf8 Rc2+ 41. Kd3 Rxg2 42. Qe7 Kh5 43. Qe5+ Kg6 44. Qe6+ Kh7 45. Qf7+ Rg7 46. Qh5+ Kg8 47. e4 Re7 48. e5 Rd7+ 49. Ke3 Re7 50. Qg5+ 1-0

[Event "Cheliabinsk-ch sf"]
[Site "Cheliabinsk"]
[Date "2012.12.13"]
[Round "1"]
[White "Litvinenko, Ekaterina"]
[Black "Kalinina, Natalia"]
[Result "1/2-1/2"]
[WhiteElo "1946"]
[BlackElo "1648"]
[PlyCount "80"]
[EventDate "2012.12.13"]
[EventType "swiss"]
[EventRounds "9"]
[EventCountry "RUS"]
[SourceTitle "EXT 2022"]
[Source "ChessBase"]
[SourceDate "2021.10.06"]
[SourceVersion "1"]
[SourceVersionDate "2021.10.06"]
[SourceQuality "1"]

1. e4 c6 2. d4 d5 3. exd5 cxd5 4. c4 Nf6 5. Nc3 Nc6 6. Nf3 Bg4 7. cxd5 Nxd5 8. Bc4 Nxc3 9. bxc3 e6 10. 0-0 Bd6 11. h3 Bh5 12. Rb1 Qc7 13. Be2 0-0 14. c4 b6 15. Rb5 Bg6 16. Be3 Rad8 17. Nh4 Rfe8 18. Nxg6 hxg6 19. Bf3 Na5 20. Qa4 a6 21. Rbb1 Qxc4 22. Qxc4 Nxc4 23. Rfc1 Nxe3 24. fxe3 Rb8 25. Rc6 Bg3 26. Rcxb6 Rxb6 27. Rxb6 Rc8 28. Bc6 Rb8 29. Bb7 Kf8 30. Kf1 Ke7 31. Ke2 Kd8 32. Kf3 Bc7 33. Rb3 Bd6 34. e4 a5 35. e5 Be7 36. Bd5 Rb4 37. Bc6 Rxb3+ 38. axb3 Bb4 39. Ke4 Ke7 40. d5 exd5+ 1/2-1/2

[Event "Satka Autumn op (Women)"]
[Site "Satka"]
[Date "2012.09.21"]
[Round "1"]
[White "Karnaukhova, Elmira"]
[Black "Litvinenko, Ekaterina"]
[Result "1-0"]
[WhiteElo "2320"]
[BlackElo "1954"]
[PlyCount "71"]
[EventDate "2012.09.20"]
[EventType "swiss"]
[EventRounds "9"]
[EventCountry "RUS"]
[SourceTitle "CBM 150 Extra"]
[Source "ChessBase"]
[SourceDate "2012.10.19"]
[SourceVersion "1"]
[SourceVersionDate "2012.10.19"]
[SourceQuality "1"]

1. d4 c5 2. c3 d5 3. Nf3 e6 4. Bf4 Nf6 5. e3 Be7 6. Nbd2 0-0 7. Bd3 Nc6 8. 0-0 cxd4 9. exd4 Nh5 10. Be3 f5 11. Ne5 Nf6 12. Ndf3 Bd6 13. Bf4 Ne4 14. Qe2 h6 15. Nxc6 bxc6 16. Ne5 c5 17. f3 Nf6 18. Rfe1 cxd4 19. Nc6 Qc7 20. Bxd6 Qxd6 21. Nxd4 Re8 22. Qe5 Qb6 23. Re2 Nd7 24. Qg3 Bb7 25. Rae1 f4 26. Qxf4 Rf8 27. Qg4 Nc5 28. Bb1 Ba6 29. b4 Nd3 30. Rxe6 Nxe1 31. Rxb6 axb6 32. Qe6+ Kh8 33. Qxe1 Rae8 34. Qg3 Rf6 35. Nf5 Rf7 36. Nd6 1-0

[Event "Cheliabinsk EKRO Cup 11th"]
[Site "Cheliabinsk"]
[Date "2012.05.08"]
[Round "7"]
[White "Litvinenko, Ekaterina"]
[Black "Mutav, Vladimir"]
[Result "1-0"]
[WhiteElo "1912"]
[BlackElo "1839"]
[PlyCount "43"]
[EventDate "2012.05.02"]
[EventType "swiss"]
[EventRounds "9"]
[EventCountry "RUS"]
[SourceTitle "CBM 148 Extra"]
[Source "ChessBase"]
[SourceDate "2012.06.22"]
[SourceVersion "1"]
[SourceVersionDate "2012.06.22"]
[SourceQuality "1"]

1. e4 d5 2. exd5 Nf6 3. Bb5+ Bd7 4. Be2 Bf5 5. Nf3 Nxd5 6. 0-0 e6 7. a3 Be7 8. d4 0-0 9. c4 Nf6 10. Nc3 c6 11. Ne5 Nbd7 12. f4 Nxe5 13. fxe5 Ne4 14. Nxe4 Bxe4 15. Be3 Qc7 16. Bf3 Bxf3 17. Qxf3 c5 18. Qg3 g6 19. d5 exd5 20. cxd5 Qd8 21. Qf3 b6 22. Bh6 1-0